000 00531nam a22001937a 4500
005 20260515115056.0
008 250304b |||||||| |||| 00| 0 eng d
020 _a8173393885
040 _aIN-DiNC
_cIN-DiNC
041 _dasm
082 _a891.4513
_bPUJ
100 _aPujari, Anuradha Sharma
_eauthor
245 _aSahebpurar barashun/
_cby Anuradha Sharma Pujari
250 _a20th ed.
260 _aGuwahati:
_bBanalata,
_c2024.
300 _a160p.
650 _aAssamese novel of Anuradha Sharma Pujari
942 _2ddc
_cBK
999 _c12101
_d12101